Normal view
MARC view
- ISLAM-HADITH-SUNNAN ABU DAWOOD SHARIF ABU DAWOOD SHARIF
Entry Topical Term
001 - CONTROL NUMBER
- control field: 76708
003 - CONTROL NUMBER IDENTIFIER
- control field: NUST
005 - DATE AND TIME OF LATEST TRANSACTION
- control field: 20210628205711.0
008 - FIXED-LENGTH DATA ELEMENTS
- fixed length control field: 210628|| aca||aabn | a|a d
040 ## - CATALOGING SOURCE
- Original cataloging agency: NUST
- Transcribing agency: NUST
150 ## - HEADING--TOPICAL TERM
- Topical term or geographic name entry element: ISLAM-HADITH-SUNNAN ABU DAWOOD SHARIF ABU DAWOOD SHARIF
670 ## - SOURCE DATA FOUND
- Source citation: Work cat.: (NUST): Waheed-Uz-Zaman, Allama Amam Abu Dawood Suleman Sajestani 76707, Sunnan abu dawood sharif, 1987
